[Event "FIDE World Uni Blitz-C 1st"]
[Site "Tornelo INT"]
[Date "2021.03.13"]
[Round "5.30"]
[White "Fisabilillah, Ummi"]
[Black "Goldie, Thomas"]
[Result "1/2-1/2"]
[WhiteElo "2159"]
[BlackElo "2077"]
[PlyCount "112"]
[EventDate "2021.03.13"]
[EventType "swiss (blitz)"]
[EventRounds "10"]
[EventCountry "NET"]
[SourceTitle "EXT 2022"]
[Source "ChessBase"]
[SourceDate "2021.10.06"]
[SourceVersion "1"]
[SourceVersionDate "2021.10.06"]
[SourceQuality "1"]

1. d4 Nf6 2. c4 g6 3. Nc3 Bg7 4. Nf3 d6 5. g3 0-0 6. Bg2 Nc6 7. 0-0 e5 8. d5 Ne7 9. e4 a5 10. h3 h6 11. Be3 Nd7 12. Qd2 Kh7 13. Nh4 f5 14. exf5 Nxf5 15. Nxf5 gxf5 16. f4 Nf6 17. Kh2 Bd7 18. Rf2 Qe8 19. Qe2 Qg6 20. Bf3 e4 21. Bh1 b6 22. Rg1 h5 23. Qd2 Rg8 24. Ne2 Bh6 25. Rff1 Rg7 26. Nd4 Rag8 27. b3 Qf7 28. Ne2 h4 29. gxh4 Rxg1 30. Rxg1 Qh5 31. Rxg8 Nxg8 32. Bf2 Nf6 33. Qe3 Qf7 34. Ng3 Nh5 35. Qe2 Nxf4 36. Qd1 Qg7 37. Qg1 Qc3 38. Qe1 Bg7 39. Qxc3 Bxc3 40. Be3 Be5 41. Bxf4 Bxf4 42. Kg2 Kh6 43. Ne2 Be5 44. Kf2 f4 45. Bxe4 Bxh3 46. Kf3 Kh5 47. Nxf4+ Kxh4 48. Nxh3 Kxh3 49. Bf5+ Kh4 50. Ke4 Kg5 51. a3 Kf6 52. Bh3 Ke7 53. Kd3 Bb2 54. a4 Ba3 55. Kc2 Bb4 56. Bf1 Bc5 1/2-1/2

[Event "Basel op"]
[Site "Basel"]
[Date "2018.01.07"]
[Round "9"]
[White "Goldie, Thomas"]
[Black "Beck, Michael1111"]
[Result "0-1"]
[WhiteElo "2098"]
[BlackElo "2084"]
[PlyCount "86"]
[EventDate "2018.01.02"]
[EventType "swiss"]
[EventRounds "9"]
[EventCountry "SUI"]
[SourceTitle "CBM 182 Extra"]
[Source "ChessBase"]
[SourceDate "2018.02.23"]
[SourceVersion "1"]
[SourceVersionDate "2018.02.23"]
[SourceQuality "1"]

1. e4 e6 2. d4 d5 3. Nc3 Bb4 4. e5 c5 5. Bd2 Ne7 6. Nb5 Bxd2+ 7. Qxd2 0-0 8. f4 cxd4 9. Nf3 Nbc6 10. Bd3 Qa5 11. Qxa5 Nxa5 12. Nfxd4 Bd7 13. Nd6 a6 14. c3 Nc8 15. Nxc8 Raxc8 16. 0-0 Nc6 17. Rae1 Nxd4 18. cxd4 Rc7 19. Rc1 Rfc8 20. Rxc7 Rxc7 21. Kf2 Bb5 22. Bxb5 axb5 23. Ke3 Rc2 24. Rf2 Rc1 25. Kd3 g6 26. Rc2 Rd1+ 27. Kc3 b4+ 28. Kxb4 Rxd4+ 29. Kc5 Rxf4 30. b4 Re4 31. b5 f6 32. exf6 Kf7 33. Rf2 Rc4+ 34. Kb6 d4 35. Kxb7 e5 36. a4 Rxa4 37. Kc6 d3 38. b6 e4 39. b7 Rb4 40. Rf4 d2 41. Rxe4 Rxe4 42. b8Q d1Q 43. Qb7+ Kxf6 0-1

[Event "Basel op"]
[Site "Basel"]
[Date "2018.01.04"]
[Round "4"]
[White "Sadeghi, Hassan Roger"]
[Black "Goldie, Thomas"]
[Result "0-1"]
[WhiteElo "2089"]
[BlackElo "2098"]
[PlyCount "88"]
[EventDate "2018.01.02"]
[EventType "swiss"]
[EventRounds "9"]
[EventCountry "SUI"]
[SourceTitle "CBM 182 Extra"]
[Source "ChessBase"]
[SourceDate "2018.02.23"]
[SourceVersion "1"]
[SourceVersionDate "2018.02.23"]
[SourceQuality "1"]

1. f4 d5 2. Nf3 g6 3. g3 Bg7 4. Bg2 Nf6 5. 0-0 0-0 6. d3 c5 7. c3 Nc6 8. Na3 a6 9. Qe1 Bf5 10. h3 h5 11. Nh4 Bd7 12. e4 dxe4 13. dxe4 e5 14. f5 Ne7 15. Bg5 Bc6 16. Qe3 b6 17. Rf2 Kh7 18. Raf1 Neg8 19. Qe2 Bh6 20. Bxh6 Nxh6 21. Qe3 g5 22. Nf3 Nxe4 23. Nxe5 Nxf2 24. Nxc6 Nxh3+ 25. Bxh3 Qf6 26. Bg2 Rfe8 27. Qd3 b5 28. Nc2 Ng4 29. Qf3 Rac8 30. Rd1 Rc7 31. Qd5 Re2 32. Rd2 Rxg2+ 33. Kxg2 Qxc6 34. Kf3 Ne5+ 35. Ke4 Nc4 36. Rd1 Re7+ 37. Kf3 g4+ 38. Kf2 Qxd5 39. Rxd5 Nxb2 40. f6 Re6 41. Rxh5+ Kg6 42. Rh4 Nd1+ 43. Kf1 Ne3+ 44. Nxe3 Rxe3 0-1

[Event "Basel op"]
[Site "Basel"]
[Date "2018.01.03"]
[Round "2"]
[White "Schaefer, Reyk"]
[Black "Goldie, Thomas"]
[Result "1/2-1/2"]
[WhiteElo "2162"]
[BlackElo "2098"]
[PlyCount "62"]
[EventDate "2018.01.02"]
[EventType "swiss"]
[EventRounds "9"]
[EventCountry "SUI"]
[SourceTitle "CBM 182 Extra"]
[Source "ChessBase"]
[SourceDate "2018.02.23"]
[SourceVersion "1"]
[SourceVersionDate "2018.02.23"]
[SourceQuality "1"]

1. c4 c6 2. d4 d5 3. cxd5 cxd5 4. Bf4 Nc6 5. e3 Nf6 6. Nc3 a6 7. Bd3 e6 8. h3 Bd6 9. Bxd6 Qxd6 10. f4 b5 11. Nf3 Bb7 12. Ne5 Rc8 13. Rc1 0-0 14. 0-0 Rfe8 15. Qe1 Ne7 16. Kh1 Ne4 17. Kh2 f6 18. Nf3 Rc7 19. Ne2 Nf5 20. Rxc7 Qxc7 21. Nc1 Nfg3 22. Rg1 Rc8 23. Bb1 g5 24. Nd3 gxf4 25. exf4 Kh8 26. Nd2 Rg8 27. Nb3 Bc8 28. Qb4 Qg7 29. Qe1 Qc7 30. Qb4 Qg7 31. Qe1 Qc7 1/2-1/2

[Event "Basel op"]
[Site "Basel"]
[Date "2018.01.02"]
[Round "1"]
[White "Goldie, Thomas"]
[Black "Aeschbach, Philipp"]
[Result "0-1"]
[WhiteElo "2098"]
[BlackElo "2304"]
[PlyCount "138"]
[EventDate "2018.01.02"]
[EventType "swiss"]
[EventRounds "9"]
[EventCountry "SUI"]
[SourceTitle "CBM 182 Extra"]
[Source "ChessBase"]
[SourceDate "2018.02.23"]
[SourceVersion "1"]
[SourceVersionDate "2018.02.23"]
[SourceQuality "1"]

1. e4 e5 2. Nf3 Nc6 3. Bc4 Bc5 4. d3 Nf6 5. Bb3 d6 6. c3 a6 7. Nbd2 0-0 8. h3 Re8 9. 0-0 Ba7 10. Re1 h6 11. Nf1 d5 12. Ng3 Be6 13. Qe2 Qd7 14. Be3 d4 15. Bxe6 Rxe6 16. cxd4 Nxd4 17. Bxd4 Bxd4 18. Nxd4 Qxd4 19. Nf5 Qb4 20. Rac1 c6 21. Rc3 Qf8 22. g3 g6 23. Ne3 Rd8 24. Rec1 Rd7 25. Nc4 Nh5 26. Ne3 Qd8 27. Ng4 Kh7 28. Kh2 Nf6 29. Ne3 Ne8 30. R1c2 Nc7 31. a4 Re8 32. Ng4 h5 33. Ne3 Ne6 34. Rd2 Nd4 35. Qd1 Qf6 36. Kg2 Qe6 37. Nc2 Nb3 38. Re2 Red8 39. Ne1 Nd4 40. Rd2 a5 41. Nf3 Nxf3 42. Qxf3 Rd4 43. b3 Kg7 44. Rc4 b5 45. axb5 cxb5 46. Rc5 Rb4 47. Qd1 Qxb3 48. Qa1 a4 49. Qxe5+ Kg8 50. Qf6 Rbd4 51. e5 Qe6 52. Rxb5 Qxf6 53. exf6 Ra8 54. Rdb2 Rxd3 55. Rb8+ Rd8 56. Rxd8+ Rxd8 57. Ra2 Ra8 58. g4 hxg4 59. hxg4 g5 60. f4 gxf4 61. Kf3 Kh7 62. Kxf4 Kg6 63. Ra3 Kxf6 64. Kf3 Ke5 65. Ke3 Ra6 66. Kf3 Kd4 67. Kf4 Kc4 68. Kf5 Kb4 69. Ra1 a3 0-1

[Event "BCF-chT1b 1617 (4NCL)"]
[Site "England"]
[Date "2017.01.14"]
[Round "3.67"]
[White "Pein, Malcolm"]
[Black "Goldie, Thomas"]
[Result "1-0"]
[WhiteElo "2353"]
[BlackElo "2146"]
[PlyCount "59"]
[EventDate "2016.11.19"]
[EventType "team-tourn"]
[EventRounds "7"]
[EventCountry "ENG"]
[SourceTitle "EXT 2018"]
[Source "ChessBase"]
[SourceDate "2017.10.13"]
[SourceVersion "1"]
[SourceVersionDate "2017.10.13"]
[SourceQuality "1"]
[WhiteTeam "Wood Green"]
[BlackTeam "Barbican II"]
[WhiteTeamCountry "ENG"]
[BlackTeamCountry "ENG"]

1. Nf3 Nf6 2. d4 d5 3. c4 c6 4. Nc3 dxc4 5. a4 Bf5 6. e3 e6 7. Bxc4 Bb4 8. 0-0 Nbd7 9. Qe2 Bg6 10. Rd1 0-0 11. Ne5 Qe7 12. Nxg6 hxg6 13. e4 e5 14. d5 Rfd8 15. Bg5 Nc5 16. f3 a5 17. Qc2 Rac8 18. dxc6 bxc6 19. Na2 Rxd1+ 20. Rxd1 Ncd7 21. Nxb4 Qxb4 22. Be3 Rb8 23. b3 Nf8 24. Qd2 c5 25. Qxb4 cxb4 26. Rd6 Ra8 27. Rb6 N8d7 28. Rb7 Kf8 29. g4 Rd8 30. Ra7 1-0

[Event "EU-ch U16 26th"]
[Site "Prague"]
[Date "2016.08.27"]
[Round "9"]
[White "Dobrovoljc, Vid"]
[Black "Goldie, Thomas"]
[Result "1-0"]
[WhiteElo "2306"]
[BlackElo "2193"]
[PlyCount "77"]
[EventDate "2016.08.18"]
[EventType "swiss"]
[EventRounds "9"]
[EventCountry "CZE"]
[SourceTitle "CBM 174 Extra"]
[Source "ChessBase"]
[SourceDate "2016.10.10"]
[SourceVersion "1"]
[SourceVersionDate "2016.10.10"]
[SourceQuality "1"]

1. Nf3 Nf6 2. g3 d5 3. Bg2 c6 4. 0-0 Bf5 5. c4 e6 6. cxd5 cxd5 7. d3 Nc6 8. Nc3 Bc5 9. Qb3 Qe7 10. Bg5 h6 11. Bxf6 gxf6 12. Rac1 Bg6 13. Nh4 Rd8 14. Nxg6 fxg6 15. e3 a6 16. a3 Ba7 17. d4 Qd7 18. Qc2 f5 19. b4 0-0 20. Qb3 Rc8 21. Nxd5 exd5 22. Bxd5+ Kg7 23. Be6 Qd6 24. Bxc8 Rxc8 25. d5 f4 26. dxc6 fxe3 27. fxe3 Qe7 28. Rf3 bxc6 29. Rcf1 Rc7 30. Qc3+ Kh7 31. Qc4 Kg7 32. Kg2 a5 33. bxa5 h5 34. R1f2 Kh6 35. Qf7 Qd6 36. Qf8+ Qxf8 37. Rxf8 Bxe3 38. R2f7 Bc5 39. Rh8+ 1-0

[Event "EU-ch U16 26th"]
[Site "Prague"]
[Date "2016.08.22"]
[Round "5"]
[White "Pechac, Jergus"]
[Black "Goldie, Thomas"]
[Result "1/2-1/2"]
[WhiteElo "2443"]
[BlackElo "2193"]
[PlyCount "106"]
[EventDate "2016.08.18"]
[EventType "swiss"]
[EventRounds "9"]
[EventCountry "CZE"]
[SourceTitle "CBM 174 Extra"]
[Source "ChessBase"]
[SourceDate "2016.10.10"]
[SourceVersion "1"]
[SourceVersionDate "2016.10.10"]
[SourceQuality "1"]

1. Nf3 Nf6 2. g3 d5 3. Bg2 c6 4. 0-0 Bf5 5. d3 e6 6. Nbd2 Be7 7. Qe1 h6 8. e4 Bh7 9. b3 0-0 10. Bb2 a5 11. a3 Nbd7 12. e5 Ne8 13. h4 Nc7 14. Bh3 Kh8 15. h5 b5 16. Qe2 c5 17. Nh2 d4 18. f4 Nd5 19. Ne4 Ra6 20. Rae1 Rc6 21. Rf2 Qc7 22. Kh1 N7b6 23. Qf3 Ne3 24. c4 bxc4 25. bxc4 Na4 26. Bc1 Bxe4 27. Qxe4 Nc3 28. Qf3 Nf5 29. g4 Ne3 30. Bxe3 dxe3 31. Rc2 Bh4 32. Rg1 e2 33. Qe3 e1Q 34. Rxe1 Bxe1 35. Qxe1 Na4 36. g5 hxg5 37. fxg5 Rb6 38. h6 Qb7+ 39. Bg2 Rb1 40. Rc1 Rxc1 41. Qxc1 Qb3 42. Bf1 Qc3 43. Qf4 Nb6 44. hxg7+ Kxg7 45. Qf6+ Kg8 46. Ng4 Nd7 47. Qh6 Qe1 48. Nf6+ Nxf6 49. exf6 Qxf1+ 50. Kh2 Qe2+ 51. Kh1 Qf3+ 52. Kh2 Qf4+ 53. Kh1 Qf1+ 1/2-1/2

[Event "Helsingor Xtracon op"]
[Site "Helsingor"]
[Date "2016.07.30"]
[Round "9"]
[White "Goldie, Thomas"]
[Black "Kvaloy, Aksel Bu"]
[Result "1-0"]
[WhiteElo "2171"]
[BlackElo "1533"]
[PlyCount "35"]
[EventDate "2016.07.23"]
[EventType "swiss"]
[EventRounds "10"]
[EventCountry "DEN"]
[SourceTitle "CBM 173 Extra"]
[Source "ChessBase"]
[SourceDate "2016.08.29"]
[SourceVersion "1"]
[SourceVersionDate "2016.08.29"]
[SourceQuality "1"]

1. e4 c5 2. Nf3 e6 3. d4 cxd4 4. Nxd4 Bc5 5. Be3 Qb6 6. Na3 Qa5+ 7. Bd2 Qd8 8. Be3 a6 9. Bd3 Ne7 10. 0-0 0-0 11. Nxe6 fxe6 12. Bxc5 b6 13. Bd6 Rf6 14. e5 Rh6 15. Be4 Nbc6 16. Nc4 Ng6 17. g3 Bb7 18. Ne3 1-0

[Event "Helsingor Xtracon op"]
[Site "Helsingor"]
[Date "2016.07.27"]
[Round "6"]
[White "Goldie, Thomas"]
[Black "Jensson, Einar Hjalti"]
[Result "0-1"]
[WhiteElo "2171"]
[BlackElo "2371"]
[PlyCount "66"]
[EventDate "2016.07.23"]
[EventType "swiss"]
[EventRounds "10"]
[EventCountry "DEN"]
[SourceTitle "CBM 173 Extra"]
[Source "ChessBase"]
[SourceDate "2016.08.29"]
[SourceVersion "1"]
[SourceVersionDate "2016.08.29"]
[SourceQuality "1"]

1. d4 Nf6 2. c4 e6 3. Nf3 c5 4. d5 b5 5. dxe6 fxe6 6. cxb5 d5 7. Bg5 Be7 8. e3 0-0 9. Be2 Nbd7 10. Nc3 Bb7 11. Rc1 Kh8 12. a3 Qb8 13. Bf4 e5 14. Bg3 Bd6 15. b4 cxb4 16. axb4 Bxb4 17. Qb3 Bd6 18. 0-0 Nb6 19. Rfd1 Nh5 20. Rd2 Nxg3 21. hxg3 e4 22. Nh2 Rxf2 23. Kxf2 Bxg3+ 24. Kg1 Bxh2+ 25. Kh1 Qg3 26. Bg4 Qxe3 27. Qd1 Bf4 28. Rcc2 Qg3 29. Kg1 Bxd2 30. Nxe4 Be3+ 31. Kf1 Rf8+ 32. Bf3 dxe4 33. Qd6 Qxd6 0-1

[Event "BCF-chT1b 1516 (4NCL)"]
[Site "England"]
[Date "2016.02.14"]
[Round "6.164"]
[White "Goldie, Thomas"]
[Black "Palliser, Richard"]
[Result "0-1"]
[WhiteElo "2217"]
[BlackElo "2426"]
[PlyCount "112"]
[EventDate "2015.11.14"]
[EventType "team-swiss"]
[EventRounds "11"]
[EventCountry "ENG"]
[SourceTitle "CBM 170 Extra"]
[Source "ChessBase"]
[SourceDate "2016.02.25"]
[SourceVersion "1"]
[SourceVersionDate "2016.02.25"]
[SourceQuality "1"]
[WhiteTeam "Barbican II"]
[BlackTeam "White Rose"]
[WhiteTeamCountry "ENG"]
[BlackTeamCountry "ENG"]

1. e4 c5 2. Nf3 d6 3. d4 cxd4 4. Nxd4 Nf6 5. Nc3 a6 6. Be3 Ng4 7. Bc1 Nf6 8. Be3 Ng4 9. Bc1 Nc6 10. h3 Nf6 11. Be3 e6 12. f4 Be7 13. Qd2 Nxd4 14. Bxd4 b5 15. Qe3 Bb7 16. a3 Qc7 17. Be2 e5 18. fxe5 dxe5 19. Bb6 Qc6 20. Bf3 Nd7 21. Nd5 Bh4+ 22. Kd1 Rc8 23. c3 Qc4 24. Kc2 Bxd5 25. exd5 Nxb6 26. Qxb6 e4 27. Qe3 f5 28. Rhd1 0-0 29. Be2 Qa4+ 30. b3 Qa5 31. c4 Bf6 32. Ra2 bxc4 33. Bxc4 Kh8 34. Qd2 Rxc4+ 35. bxc4 Qa4+ 36. Kc1 Rc8 37. Kb1 Qb3+ 38. Rb2 Bxb2 39. Qc2 Qxc2+ 40. Kxc2 Bxa3 41. Ra1 Rxc4+ 42. Kb3 Rd4 43. Kxa3 Rxd5 44. Kb4 h5 45. Rxa6 Kh7 46. Kc4 Rd1 47. h4 Rd2 48. Ra5 g6 49. Ra7+ Kh6 50. Ra8 Kg7 51. Ra6 Kf7 52. g3 Rd3 53. Ra7+ Ke8 54. Ra8+ Kd7 55. Ra7+ Kc8 56. Rg7 Rxg3 0-1

[Event "BCF-chT2a 1516 (4NCL)"]
[Site "England"]
[Date "2016.01.24"]
[Round "4.212"]
[White "Goldie, Thomas"]
[Black "Mason, Donald"]
[Result "1/2-1/2"]
[WhiteElo "2237"]
[BlackElo "2207"]
[PlyCount "70"]
[EventDate "2015.11.14"]
[EventType "team-tourn"]
[EventRounds "7"]
[EventCountry "ENG"]
[SourceTitle "CBM 170 Extra"]
[Source "ChessBase"]
[SourceDate "2016.02.25"]
[SourceVersion "1"]
[SourceVersionDate "2016.02.25"]
[SourceQuality "1"]
[WhiteTeam "Barbican Youth"]
[BlackTeam "Warwicks Select"]
[WhiteTeamCountry "ENG"]
[BlackTeamCountry "ENG"]

1. e4 e5 2. Nf3 Nc6 3. Bc4 Nf6 4. d3 Be7 5. Bb3 0-0 6. c3 d5 7. Qe2 Re8 8. Nbd2 Bf8 9. h3 Na5 10. Bc2 c5 11. Nf1 b5 12. g4 c4 13. Bg5 Bb7 14. Ng3 h6 15. Bxf6 Qxf6 16. h4 b4 17. g5 Qb6 18. gxh6 Qxh6 19. Nf5 Qh5 20. Rg1 f6 21. Rg3 bxc3 22. bxc3 Rac8 23. dxc4 Rxc4 24. Nd2 Qxe2+ 25. Kxe2 Rc7 26. exd5 Bxd5 27. Ne4 Bc4+ 28. Bd3 Bxd3+ 29. Kxd3 Rd8+ 30. Kc2 Nc4 31. Rd3 Na3+ 32. Kd2 Rxd3+ 33. Kxd3 Rd7+ 34. Ke2 Kf7 35. Ne3 g6 1/2-1/2

[Event "BCF-chT1b 1516 (4NCL)"]
[Site "England"]
[Date "2016.01.23"]
[Round "3.176"]
[White "Lenier, Jude"]
[Black "Goldie, Thomas"]
[Result "0-1"]
[WhiteElo "2059"]
[BlackElo "2217"]
[PlyCount "68"]
[EventDate "2015.11.14"]
[EventType "team-swiss"]
[EventRounds "11"]
[EventCountry "ENG"]
[SourceTitle "CBM 170 Extra"]
[Source "ChessBase"]
[SourceDate "2016.02.25"]
[SourceVersion "1"]
[SourceVersionDate "2016.02.25"]
[SourceQuality "1"]
[WhiteTeam "Sussex Martlets"]
[BlackTeam "Barbican II"]
[WhiteTeamCountry "ENG"]
[BlackTeamCountry "ENG"]

1. e4 c5 2. Nf3 d6 3. d4 cxd4 4. Nxd4 Nf6 5. Nc3 a6 6. Bc4 e6 7. Bb3 b5 8. Qe2 Be7 9. 0-0 0-0 10. f4 Bb7 11. a3 Qc7 12. Re1 Nc6 13. Be3 Na5 14. Bf2 Rac8 15. e5 Nxb3 16. cxb3 Nd5 17. Nxd5 Bxd5 18. b4 Rfd8 19. Red1 Qb7 20. Be3 Qb8 21. Bf2 dxe5 22. fxe5 Bg5 23. a4 Bc4 24. Qg4 Be7 25. b3 Bd5 26. axb5 axb5 27. Ra5 Qxe5 28. Nxb5 h5 29. Qh3 Bxb4 30. Ra2 Bc6 31. Nd4 Bb7 32. Raa1 Bc3 33. Ra4 Qe4 34. Rd3 Bxd4 0-1

[Event "Vlissingen HZ op 19th"]
[Site "Vlissingen"]
[Date "2015.08.08"]
[Round "9"]
[White "Goldie, Thomas"]
[Black "Grochal, Joey"]
[Result "1-0"]
[WhiteElo "2067"]
[BlackElo "2187"]
[PlyCount "65"]
[EventDate "2015.08.01"]
[EventType "swiss"]
[EventRounds "9"]
[EventCountry "NED"]
[SourceTitle "CBM 167 Extra"]
[Source "ChessBase"]
[SourceDate "2015.09.14"]
[SourceVersion "1"]
[SourceVersionDate "2015.09.14"]
[SourceQuality "1"]

1. e4 c5 2. Nf3 e6 3. d4 cxd4 4. Nxd4 Nc6 5. Nc3 Qc7 6. Be3 a6 7. Qd2 Nf6 8. 0-0-0 Be7 9. f3 h5 10. Kb1 b5 11. Nxc6 dxc6 12. Bg5 e5 13. h4 Be6 14. Qf2 Qa5 15. a3 Bxa3 16. bxa3 b4 17. Na2 Bxa2+ 18. Kxa2 Qxa3+ 19. Kb1 b3 20. c3 b2 21. Qxb2 Qc5 22. Qb4 Qa7 23. Kc2 Rb8 24. Qa3 Qb6 25. Bc4 a5 26. Rhf1 a4 27. Rb1 Qa7 28. Rxb8+ Qxb8 29. Qc5 Qc7 30. Rd1 a3 31. Bb5 Qe7 32. Bxc6+ Kf8 33. Rd8+ 1-0

[Event "Vlissingen HZ op 19th"]
[Site "Vlissingen"]
[Date "2015.08.05"]
[Round "6"]
[White "Yogesh, Gautam"]
[Black "Goldie, Thomas"]
[Result "0-1"]
[WhiteElo "2207"]
[BlackElo "2067"]
[PlyCount "74"]
[EventDate "2015.08.01"]
[EventType "swiss"]
[EventRounds "9"]
[EventCountry "NED"]
[SourceTitle "CBM 167 Extra"]
[Source "ChessBase"]
[SourceDate "2015.09.14"]
[SourceVersion "1"]
[SourceVersionDate "2015.09.14"]
[SourceQuality "1"]

1. e4 c5 2. Nf3 d6 3. d4 cxd4 4. Nxd4 Nf6 5. Nc3 a6 6. Bg5 e6 7. f4 Qb6 8. Qd2 Nc6 9. Nb3 Ng4 10. f5 h6 11. Bf4 Be7 12. h3 Nge5 13. 0-0-0 Qc7 14. Be2 Bd7 15. Kb1 0-0-0 16. g4 Kb8 17. Be3 Na7 18. Bf4 Bc6 19. Nd4 Bd7 20. fxe6 fxe6 21. Nf5 Bc8 22. Nxg7 Bg5 23. Nh5 Qe7 24. Rhf1 Nac6 25. Na4 b5 26. Nc3 Bb7 27. a3 Ka8 28. Qe3 Na5 29. Bxb5 axb5 30. Nxb5 Bc6 31. Qb6 Bxb5 32. Qxa5+ Qa7 33. Qxb5 Rb8 34. Qe2 Qxa3 35. Bxe5 dxe5 36. c3 Rb6 37. Qc4 Qxb2# 0-1

[Event "BCF-chT2b 1415 (4NCL)"]
[Site "England"]
[Date "2015.01.11"]
[Round "4.22"]
[White "Elwin, Adrian G"]
[Black "Goldie, Thomas"]
[Result "1/2-1/2"]
[WhiteElo "2004"]
[BlackElo "2058"]
[PlyCount "158"]
[EventDate "2014.11.15"]
[EventType "team-tourn"]
[EventRounds "7"]
[EventCountry "ENG"]
[SourceTitle "EXT 2016"]
[Source "ChessBase"]
[SourceDate "2015.10.08"]
[SourceVersion "1"]
[SourceVersionDate "2015.10.08"]
[SourceQuality "1"]
[WhiteTeam "MK Phoenix"]
[BlackTeam "Barbican Youth"]
[WhiteTeamCountry "ENG"]
[BlackTeamCountry "ENG"]

1. d4 Nf6 2. c4 g6 3. Nc3 Bg7 4. e4 d6 5. Be2 0-0 6. Nf3 e5 7. dxe5 dxe5 8. Qxd8 Rxd8 9. Bg5 Re8 10. 0-0-0 Na6 11. Nd2 c6 12. h4 Nc5 13. Rdg1 Ne6 14. Be3 Nd4 15. Bd1 Ng4 16. Bxg4 Bxg4 17. f3 Be6 18. h5 b5 19. hxg6 hxg6 20. g3 Bxc4 21. Nxc4 bxc4 22. f4 Nb5 23. f5 a5 24. g4 gxf5 25. gxf5 f6 26. Rg6 Re7 27. Na4 Nd4 28. Nb6 Rb8 29. Nxc4 Rb4 30. b3 a4 31. Bxd4 exd4 32. e5 axb3 33. axb3 Rxb3 34. exf6 Rc3+ 35. Kd2 Rf7 36. fxg7 Rxg7 37. Rhg1 Rxg6 38. Rxg6+ Kf7 39. Rxc6 Ke7 40. f6+ Kf8 41. Rc8+ Kf7 42. Nd6+ Ke6 43. Rh8 Kxf6 44. Ne4+ Kg7 45. Rd8 Rh3 46. Rxd4 Kg6 47. Nf2 Rf3 48. Ke2 Rg3 49. Rf4 Ra3 50. Nd3 Kg5 51. Rf8 Ra2+ 52. Ke3 Ra3 53. Rf1 Kg4 54. Ke4 Ra4+ 55. Kd5 Ra3 56. Ne5+ Kg3 57. Rf8 Rb3 58. Nc4 Rb4 59. Kd4 Ra4 60. Kd3 Kg4 61. Ne5+ Kg5 62. Nf3+ Kg6 63. Nd4 Ra3+ 64. Ke4 Ra4 65. Rf1 Ra5 66. Nc6 Ra4+ 67. Ke5 Kg5 68. Rf8 Kg4 69. Nd4 Ra5+ 70. Ke4 Kg5 71. Nf3+ Kg6 72. Ne5+ Kg7 73. Rf7+ Kg8 74. Rc7 Ra4+ 75. Kf5 Ra6 76. Ng4 Kf8 77. Nf6 Ra5+ 78. Kg6 Rg5+ 79. Kh6 Rg6+ 1/2-1/2

[Event "EU-ch U14 24th"]
[Site "Batumi"]
[Date "2014.10.22"]
[Round "4"]
[White "Goldie, Thomas"]
[Black "Haug, Johannes"]
[Result "1-0"]
[WhiteElo "2002"]
[BlackElo "2122"]
[PlyCount "57"]
[EventDate "2014.10.19"]
[EventType "swiss"]
[EventRounds "9"]
[EventCountry "GEO"]
[SourceTitle "EXT 2015"]
[Source "ChessBase"]
[SourceDate "2014.11.20"]
[SourceVersion "1"]
[SourceVersionDate "2014.11.20"]
[SourceQuality "1"]

1. e4 e6 2. d4 d5 3. Nc3 Nf6 4. Bg5 Be7 5. e5 Nfd7 6. Bxe7 Qxe7 7. f4 c5 8. Nb5 Na6 9. Nd6+ Kf8 10. Nf3 g6 11. Bxa6 bxa6 12. Qe2 Kg7 13. h4 cxd4 14. h5 h6 15. Nh4 Nc5 16. hxg6 fxg6 17. Qg4 g5 18. Nf3 Bd7 19. 0-0-0 d3 20. fxg5 hxg5 21. Rh5 Rxh5 22. Qxh5 Rh8 23. Qg4 dxc2 24. Kxc2 Ba4+ 25. b3 Qc7 26. Kb2 Rb8 27. Nd4 Bd7 28. Qh5 Bc8 29. Ne8+ 1-0

[Event "Biel MTO op 47th"]
[Site "Biel"]
[Date "2014.07.15"]
[Round "2"]
[White "Goldie, Thomas"]
[Black "Donchenko, Alexander"]
[Result "0-1"]
[WhiteElo "1874"]
[BlackElo "2499"]
[PlyCount "60"]
[EventDate "2014.07.14"]
[EventType "swiss"]
[EventRounds "11"]
[EventCountry "SUI"]
[SourceTitle "CBM 161 Extra"]
[Source "ChessBase"]
[SourceDate "2014.08.29"]
[SourceVersion "1"]
[SourceVersionDate "2014.08.29"]
[SourceQuality "1"]

1. e4 c6 2. d4 d5 3. Nc3 dxe4 4. Nxe4 Bf5 5. Ng3 Bg6 6. h4 h6 7. Nf3 Nd7 8. h5 Bh7 9. Bd3 Bxd3 10. Qxd3 e6 11. Bd2 Ngf6 12. 0-0-0 Be7 13. Kb1 0-0 14. Ne4 Nxe4 15. Qxe4 Nf6 16. Qe2 Qd5 17. g4 Nxg4 18. Rhg1 Qxh5 19. Ne5 Nf6 20. f3 Rfd8 21. Qg2 g6 22. Rh1 Qf5 23. Bxh6 Bf8 24. Bg5 Bg7 25. Rh4 c5 26. f4 Rab8 27. Rdh1 Rxd4 28. Bxf6 Qxf6 29. Qh2 Rbd8 30. Kc1 g5 0-1

[Event "SUI-ch U14"]
[Site "Cham"]
[Date "2014.07.03"]
[Round "1"]
[White "Dill, Xaver"]
[Black "Goldie, Thomas"]
[Result "0-1"]
[WhiteElo "1824"]
[BlackElo "2070"]
[PlyCount "84"]
[EventDate "2014.07.03"]
[EventType "swiss"]
[EventRounds "7"]
[EventCountry "SUI"]
[SourceTitle "CBM 161 Extra"]
[Source "ChessBase"]
[SourceDate "2014.08.29"]
[SourceVersion "1"]
[SourceVersionDate "2014.08.29"]
[SourceQuality "1"]

1. d4 Nf6 2. c4 d6 3. Nc3 Nbd7 4. e4 e5 5. Nf3 g6 6. Be2 Bg7 7. 0-0 0-0 8. Re1 Re8 9. Bf1 c6 10. d5 Nb6 11. Bg5 h6 12. Be3 Ng4 13. Bd2 f5 14. h3 Nf6 15. exf5 gxf5 16. dxc6 bxc6 17. c5 Nbd5 18. Bc4 Kh7 19. cxd6 Qxd6 20. a3 Nb6 21. Bb3 e4 22. Nh4 Rd8 23. Be3 Qe7 24. Qe2 Nfd5 25. Qh5 Nxe3 26. Rxe3 Qg5 27. Bf7 Qxh5 28. Bxh5 Bf6 29. Ng6 Nc4 30. Rg3 Nxb2 31. Nf4 Be5 32. Nce2 Nd3 33. Bg6+ Kh8 34. Nxd3 Bxg3 35. Nxg3 exd3 36. Nxf5 Bxf5 37. Bxf5 c5 38. Rd1 c4 39. f4 Rf8 40. Be4 Rac8 41. f5 Rfe8 42. Bf3 c3 0-1